Maltrato infantil y salud física /

Guardado en:
Bibliografiske detaljer
Hovedforfatter: Calle Galán, Hugo
Format: Texto
Tags: Tilføj Tag
Ingen Tags, Vær først til at tagge denne postø!

MARC

LEADER 00000 a a2200000 04500
001 3237
003
040
100 |a Calle Galán, Hugo  
245 |a Maltrato infantil y salud física /  |c Hugo Calle Galán 
773 |g número 6; páginas 70-82  
999 |c 39408  |d 39408